Studi sulle quinquaginta decisiones
Saved in:
| Main Author: | |
|---|---|
| Format: | Book |
| Language: | Italian |
| Published: |
Milán
A. Giuffrè
1999
|
| Subjects: | |
| Tags: |
Add Tag
No Tags, Be the first to tag this record!
|
MARC
| LEADER | 00000nam a2200000 a 4500 | ||
|---|---|---|---|
| 001 | UCO8403 | ||
| 003 | CL-VaPUC | ||
| 008 | 001207e19990000IT |||||||||||||||||ita|d | ||
| 082 | 0 | 4 | |a 340.54 |b RUS |2 21 |
| 100 | 0 | |a Russo Ruggeri, Carmela |e author |9 453328 | |
| 245 | 1 | 0 | |a Studi sulle quinquaginta decisiones |
| 300 | |a 132 p | ||
| 942 | |c BK | ||
| 945 | |d 20001207 00:00:00 |a vberengu | ||
| 260 | |a Milán |b A. Giuffrè |c 1999 | ||
| 650 | 0 | |a Derecho romano |9 255930 | |
| 650 | 7 | |a SISTEMA JURIDICO |2 CL-VaPUC |9 453329 | |
| 583 | |a last modification |c 20001207 00:00:00 |k Rodrigo Vera | ||
| 999 | |c 293068 |d 293066 | ||
| 952 | |0 0 |1 0 |4 0 |6 340_540000000000000_RUS_1999 |7 0 |8 DER_ROM |9 344240 |a BIBDER |b BIBDER |d 2019-11-20 |i 3577066 |o 340.54 RUS 1999 |p 3577066 |r 2023-01-25 |w 2019-11-20 |x Ubicación 4to piso |y BK |z Este recurso debe solicitarse con anticipación |k DER | ||
| 952 | |0 0 |1 0 |4 0 |6 340_540000000000000_RUS_1999 |7 0 |8 A |9 344241 |a BIBDER |b BIBDER |d 2019-11-20 |i 3712117 |o 340.54 RUS 1999 |p 3712117 |r 2023-01-25 |w 2019-11-20 |y BK |k DER | ||